| 000 | 00533nam a2200181 i 4500 | ||
|---|---|---|---|
| 001 | 37336 | ||
| 003 | ES-MaACL | ||
| 005 | 20230906155543.0 | ||
| 007 | t| | ||
| 008 | 030220s1974 sp ||||1| spa d | ||
| 100 | 1 |
_aBuero Vallejo, Antonio, _d1916-2000 _932421 |
|
| 245 | 1 | 3 |
_aEl concierto de San Ovidio _b: ; La fundación / _cAntonio Buero Vallejo. |
| 260 |
_aMadrid : _bEspasa-Calpe, _c[1974] |
||
| 300 |
_a258 p. ; _c18 cm. |
||
| 740 | 3 | _aLa Fundación. | |
| 852 |
_aES-MaACL _jE-6218 _bR.90919 |
||
| 999 |
_c37336 _d37336 |
||